000 00754nam a2200265Ia 4500
003 OSt
005 20221007075503.0
006 a|||||r|||| 00| 0
007 ta
008 221006b |||||||| |||| 00| 0 eng d
024 _a2,392
037 _cTextual
040 _aFLL
_cFLL
_beng
041 _2eng
_aeng
082 _aZ2,3, P1.1
100 _aMulla Au.
245 0 _aIndian contract and specific relief acts
250 _a12th
260 _aNew Delhi
_bLexisNexis Butterworths India
_c2001
650 _aIndian contract and specific relief acts
700 _a Bhadbhade N. Ed.
_9693441
700 _a Pollock Au.
942 _hZ2,3, P1.1
_cTEXL
_2CC
999 _c1156254
_d1156254